Ville québecoise... ou de Pokémon ? - Statistiques

Statistiques générales
  • Ce quiz a été pris 493 fois
  • Le résultat moyen est 14 sur 20
Statistiques - réponses
Hint Explanation Réponse % Correct
Rouyn-Noranda Région : Abitibi-Témiscamingue
84%
Belœil Région : Montérégie
83%
Shawinigan Région : Mauricie
83%
Blainville Région : Laurentides
82%
Granby Région : Estrie
80%
Sept-Îles Région : Côte-Nord
79%
Rivamar Première apparition : Pokémon Diamant et Perle
78%
Mirabel Région : Laurentides
77%
Alma Région : Saguenay-Lac-Saint-Jean
75%
Lavanville Première apparition : Pokémon Bleu et Rouge (Hors Japon)
75%
Magog Région : Estrie
74%
Arabelle Première apparition : Pokémon Noir et Blanc
73%
Boisbriand Région : Laurentides
70%
Motorby Première apparition : Pokémon Épée et Bouclier
68%
Rosyères Première apparition : Pokémon Rubis et Saphir
64%
Rotombourg Première apparition : Pokémon Noir et Blanc
62%
Roche-sur-Gliffe Première apparition : Pokémon X et Y
59%
Pyrite Première apparition : Pokémon Colosseum
58%
Sevaro Première apparition : Pokémon Écarlate et Violet
55%
Véterville Première apparition : Pokémon Ranger : Nuit sur Almia
49%
Aucun quiz correspondant
Distribution des résultats
% des personnes avec chaque résultat
Percentile par nombre de réponses
Votre historique - résultats
Vous n’avez pas pris ce quiz